000
00277nam a2200109Ia 4500
008
220204s9999 xx 000 0 und d
082
_a
801.14
_b
DAS
100
_a
Das, S B
245
0
_a
Phonetics and intonation in spoken English
260
_a
Calcutta
_b
Firma
_c
1977
942
_c
BK
999
_c
34603
_d
34603